BUSINESS MATHEMATICS AND STATISTICS (Record no. 216411)

MARC details
000 -LEADER
fixed length control field 00515nam a22001937a 4500
008 - FIXED-LENGTH DATA ELEMENTS--GENERAL INFORMATION
fixed length control field 260106b |||||||| |||| 00| 0 eng d
020 ## - INTERNATIONAL STANDARD BOOK NUMBER
International Standard Book Number 978-1-4080-8315-4
050 ## - LIBRARY OF CONGRESS CALL NUMBER
Classification number HF5691.F73 2014
100 ## - MAIN ENTRY--PERSONAL NAME
Personal name FRANCIS ANDRE
245 ## - TITLE STATEMENT
Title BUSINESS MATHEMATICS AND STATISTICS
250 ## - EDITION STATEMENT
Edition statement 7th
260 ## - PUBLICATION, DISTRIBUTION, ETC.
Place of publication, distribution, etc. AUSTRALIA
Name of publisher, distributor, etc. CENGAGE
Date of publication, distribution, etc. 2014
300 ## - PHYSICAL DESCRIPTION
Extent X,674
500 ## - GENERAL NOTE
General note INCLUDES AN INDEX
650 ## - SUBJECT ADDED ENTRY
Topical term or geographic name entry element Business mathematics-Commercial statistics
700 ## - ADDED ENTRY--PERSONAL NAME
Personal name MOUSLEY BEN
942 ## - ADDED ENTRY ELEMENTS (KOHA)
Source of classification or shelving scheme Library of Congress Classification
Koha item type Long Loan Book
Holdings
Withdrawn status Lost status Source of classification or shelving scheme Damaged status Not for loan Collection Home library Current library Shelving location Date acquired Inventory number Total checkouts Full call number Barcode Date last seen Copy number Price effective from Koha item type
    Library of Congress Classification     Business & Economics Kisii University Library Kisii University Library On Display 01/06/2026 110707   HF5691.F73 2014 000000002838 01/06/2026 C.1 01/06/2026 Long Loan Book
    Library of Congress Classification     Business & Economics Kisii University Library Kisii University Library On Display 01/06/2026 110708   HF5691.F73 2014 000000002837 01/06/2026 C.2 01/06/2026 Long Loan Book
    Library of Congress Classification     Business & Economics Kisii University Library Kisii University Library On Display 01/06/2026 110709   HF5691.F73 2014 000000002962 01/06/2026 C.3 01/06/2026 Long Loan Book
    Library of Congress Classification     Business & Economics Kisii University Library Kisii University Library On Display 01/06/2026 110710   HF5691.F73 2014 000000002961 01/06/2026 C.4 01/06/2026 Long Loan Book
    Library of Congress Classification     Business & Economics Kisii University Library Kisii University Library On Display 01/06/2026 110711   HF5691.F73 2014 000000002960 01/06/2026 C.5 01/06/2026 Long Loan Book